| 000 | 00905nam a2200217 4500 | ||
|---|---|---|---|
| 005 | 20210423000050.0 | ||
| 008 | 210421s2001 ck |||fr|||| 001 0 spa d | ||
| 020 | _a8430604162 | ||
| 040 |
_aCENDOC CAAAP _bspa _cCAAAP |
||
| 041 | _aspa | ||
| 050 |
_aHM 101 _bS26 |
||
| 100 | 1 |
_92485 _aSartori, Giovanni |
|
| 245 |
_aLa sociedad multiétnica : _bpluralismo, multiculturalismo y entranjeros / _cGiovanni Sartori |
||
| 250 | _a1ra ed. | ||
| 260 |
_aMadrid : _bGrupo Santillana , _c2001 |
||
| 300 | _a139 p. | ||
| 505 | _aContiene : Pluralismo y tolerancia -- El empobrecimiento del concepto -- Niveles de análisis -- Comunidad pluraliste y reciprocidad -- Cultura, etnia y el otro -- La política del reconocimiento -- El retroceso de la ley al arbitrio -- Inmigración, integración y balcanización. | ||
| 650 | 1 | 0 |
_989 _aPluralismo Cultural |
| 650 | 2 | 0 |
_9132 _aSociedad |
| 942 |
_2lcc _b22 - 04 - 2021 _cBK |
||
| 999 |
_c1072 _d1072 |
||